000
00265nam a2200109Ia 4500
008
200302s9999 xx 000 0 und d
100
_a
Anupama Kundoo
245
_a
Roger Anger Research On Beauty
260
_b
Jovis Verlag Gmbh
260
_c
2009
300
_a
191 P.,
999
_c
2788
_d
2788